期刊信息 |
| 索取号 |
Z67/DISCOVERY
|
| 题名 |
DISCOVERY
|
| 作者 |
VANCE BOURJALLY, editor
|
| 分册号 |
|
| 分册名 |
|
| 出版地 |
NEW YORK,US
|
| 出版者 |
Pocket Books
|
| 标准刊号 |
0419-4098
|
| 出版频率 |
月刊
|
| 中图法分类 |
Z67
|
| 主题词 |
期刊; 连续出版物; 报刊; 报纸; 快报
|
| 电子资源 | |
| |
|
| 000 | 00588nas0 2200253 45 | |
| 001 | 0732905495 | |
| 005 | 20070524092033.82 | |
| 011 | @a0419-4098 | |
| 100 | @a20070524d km y0chiy0120 ea | |
| 101 | 0 | @aeng |
| 200 | 1 | @aDISCOVERY@fVANCE BOURJALLY, editor |
| 207 | @ano. 6 (Sept. 1955). | |
| 210 | @aNEW YORK,US@cPocket Books | |
| 326 | @a月刊 | |
| 606 | 0 | @a期刊 |
| 606 | 0 | @a连续出版物 |
| 606 | 0 | @a报刊 |
| 606 | 0 | @a报纸 |
| 606 | 0 | @a快报 |
| 690 | @aZ67@v4 | |
| 701 | 0 | @aVANCE BOURJALLY |
| 701 | 0 | @aeditor |
| 801 | 0 | @aCN@bPFT@c20070524 |
| 905 | @aTJWY@dZ67@eDISCOVERY | |
| DISCOVERY/VANCE BOURJALLY, editor.-no. 6 (Sept. 1955).-NEW YORK,US:Pocket Books |
| ISSN 0419-4098 |
| ● |
| 相关链接: |
|
|
|
|